[Event "Summer Team Tournament 2020"]
[Site "Skype"]
[Date "????.??.??"]
[Round "2"]
[White "Nobile, Mauro"]
[Black "Scata, Laura"]
[Result "1-0"]
[WhiteElo "1000"]
[BlackElo "1273"]
[PlyCount "123"]

1. e4 c6 2. d4 d5 3. e5 Bf5 4. g4 Bg6 5. h4 h5 6. gxh5 Bxh5 7. Be2 Bxe2 8. Nxe2
e6 9. Nbc3 Nd7 10. Be3 c5 11. Qd2 cxd4 12. Nxd4 Nxe5 13. f4 Rxh4 14. O-O-O Nc4
15. Qe2 Nxe3 16. Qxe3 Bd6 17. Rxh4 Qxh4 18. Nxe6 fxe6 19. Qxe6+ Qe7 20. Qxg8+
Qf8 21. Qe6+ Qe7 22. Qg6+ Kd7 23. Nxd5 Qe6 24. Qxg7+ Kc6 25. Qc3+ Kd7 26. Nf6+
Kd8 27. Qa5+ b6 28. Qe5 Ke7 29. Nd5+ Kd7 30. Qxe6+ Kxe6 31. c4 Rc8 32. b3 Kf5
33. Ne3+ Ke6 34. f5+ Ke5 35. Rd5+ Ke4 36. Rxd6 Kxe3 37. f6 Rf8 38. Rd7 Rxf6 39.
Rxa7 Kd3 40. Kb2 Rf2+ 41. Ka3 Rf6 42. Ra6 Kd4 43. Kb4 Rf2 44. a4 Rf6 45. a5
bxa5+ 46. Rxa5 Rb6+ 47. Rb5 Rc6 48. c5 Kd5 49. Ra5 Kd4 50. Kb5 Rxc5+ 51. Kb6
Rc3 52. b4 Rb3 53. b5 Kd5 54. Ka6 Kd6 55. Kb7 Kd7 56. b6 Rb4 57. Ra7 Kd8 58.
Ka6 Ra4+ 59. Kb5 Rb4+ 60. Kxb4 Kc8 61. Kc5 Kb8 62. Kc6 1-0

[Event "Summer Team Tournament 2020"]
[Site "Skype"]
[Date "????.??.??"]
[Round "2"]
[White "Rivalta, Paolo"]
[Black "Llabres, Sergio"]
[Result "1/2-1/2"]
[WhiteElo "1095"]
[BlackElo "1000"]
[PlyCount "107"]

1. e4 e6 2. d4 d5 3. exd5 exd5 4. Nf3 Bf5 5. c4 c6 6. c5 Nf6 7. Bd3 Bxd3 8.
Qxd3 Be7 9. Bf4 O-O 10. Nbd2 Re8 11. O-O Nbd7 12. h3 h6 13. Qb3 b6 14. cxb6
axb6 15. a4 c5 16. Qc2 c4 17. b4 cxb3 18. Qxb3 Nf8 19. Ne5 Bd6 20. Ndf3 Bc7 21.
Rfe1 Ne6 22. Bh2 Ne4 23. Nc6 Qd7 24. Bxc7 Qxc7 25. Qxd5 Nf6 26. Qc4 Qd6 27.
Red1 Nd5 28. a5 bxa5 29. Rxa5 Rxa5 30. Nxa5 Nef4 31. Qc6 Qxc6 32. Nxc6 Re6 33.
Nce5 f6 34. Nd3 Nxd3 35. Rxd3 Re4 36. Kf1 g5 37. Nd2 Re6 38. g4 Rc6 39. Ne4 Kf7
40. f3 Nf4 41. Nf2 Nxd3 42. Nxd3 Rd6 43. Ke2 Rxd4 44. Ke3 Rd8 45. Ke4 Re8+ 46.
Kf5 Re3 47. Nb4 Rxf3+ 48. Ke4 Rxh3 49. Nd5 Rh4 50. Kf5 h5 51. Nxf6 hxg4 52.
Nxg4 Rh5 53. Ne5+ Kg7 54. Ng4 1/2-1/2

[Event "Summer Team Tournament 2020"]
[Site "Skype"]
[Date "????.??.??"]
[Round "2"]
[White "Tiberio, Pedro"]
[Black "Rapaire, Jean-Michel"]
[Result "0-1"]
[WhiteElo "1564"]
[BlackElo "1880"]
[PlyCount "110"]

1. e4 e5 2. Nf3 Nc6 3. d4 Nxd4 4. Nxe5 Nc6 5. Nxc6 bxc6 6. Be2 Bc5 7. O-O Ne7
8. b4 Bd6 9. Qd4 Ng6 10. f4 O-O 11. Bb2 f6 12. Qe3 Qe7 13. Bc4+ Kh8 14. a3 c5
15. f5 Ne5 16. Bd5 Rb8 17. Kh1 Ng4 18. Qc3 Nxh2 19. Rc1 c6 20. Bb3 Be5 21. Qh3
Bxb2 22. Qxh2 Ba6 23. Nd2 Bxc1 24. Rxc1 cxb4 25. a4 Qe5 26. Qxe5 fxe5 27. Nf3
Rfe8 28. Ng5 h6 29. Nf7+ Kh7 30. Nd6 Re7 31. Bf7 Rf8 32. Bg6+ Kg8 33. Bh5 Rf6
34. Rd1 c5 35. g3 c4 36. Ne8 Rb6 37. a5 Rc6 38. Rd6 Rxd6 39. Nxd6 b3 40. cxb3
cxb3 41. Bd1 b2 42. Bc2 g6 43. fxg6 Re6 44. Nf5 Rxg6 45. Ne7+ Kg7 46. Nxg6 Kxg6
47. Kg2 Kg5 48. Bb1 Kg4 49. Bc2 Bc4 50. Bb1 Bb3 51. Kf2 h5 52. Kg2 d5 53. exd5
Bxd5+ 54. Kf2 e4 55. Ke3 Kxg3 0-1

[Event "Summer Team Tournament 2020"]
[Site "Skype"]
[Date "????.??.??"]
[Round "2"]
[White "L'Herbon de Lussats, Jean"]
[Black "Silva, Givson"]
[Result "0-1"]
[WhiteElo "1413"]
[BlackElo "1403"]
[PlyCount "72"]

1. d4 e5 2. dxe5 Qe7 3. Nf3 Nc6 4. Bf4 Qb4+ 5. Bd2 Qxb2 6. Nc3 Nb4 7. Nd4 Nc6
8. Rb1 Qa3 9. Ndb5 Qc5 10. Nxc7+ Kd8 11. Nxa8 Qxe5 12. g3 Qb8 13. Nb6 axb6 14.
Rxb6 Bc5 15. Rb3 Nd4 16. Rb2 Nf6 17. Bg2 Re8 18. O-O b6 19. Bf4 d6 20. e3 Ne6
21. Be5 Nd7 22. f4 Bxe3+ 23. Kh1 dxe5 24. fxe5 Qxe5 25. Qd3 Nec5 26. Qc4 Bd4
27. Rb5 Bxc3 28. Rd1 Ba6 29. Rxc5 Bxc4 30. Rxe5 Rxe5 31. Bc6 Re1+ 32. Rxe1 Bxe1
33. Kg2 Ne5 34. Be4 g6 35. a4 f5 36. Bc6 Nxc6 0-1

[Event "Summer Team Tournament 2020"]
[Site "Skype"]
[Date "????.??.??"]
[Round "2"]
[White "Aroucha, Abraao"]
[Black "Farfallini, Michel"]
[Result "1/2-1/2"]
[WhiteElo "1376"]
[BlackElo "1304"]
[PlyCount "52"]

1. c4 c5 2. Nc3 e5 3. d3 g6 4. g3 Nf6 5. Bg2 Bg7 6. e4 O-O 7. Nge2 Nc6 8. O-O
a6 9. Be3 b6 10. Qd2 Bb7 11. Bh6 Bxh6 12. Qxh6 Ng4 13. Qd2 Qe7 14. Nd5 Qd6 15.
Qg5 Nd4 16. Qxg4 Qe6 17. Ne7+ Qxe7 18. Nxd4 cxd4 19. Kh1 Bc8 20. f4 d5 21. f5
dxc4 22. dxc4 Qf6 23. Rad1 Bd7 24. b3 Rac8 25. Qf3 Qg7 26. h4 Kh8 1/2-1/2

[Event "Summer Team Tournament 2020"]
[Site "Skype"]
[Date "????.??.??"]
[Round "2"]
[White "Boudet, Nicole"]
[Black "Martins, Douglas"]
[Result "0-1"]
[WhiteElo "1068"]
[BlackElo "1000"]
[PlyCount "38"]

1. e4 Nf6 2. Nc3 d5 3. exd5 Nxd5 4. Nxd5 Qxd5 5. Nf3 Bg4 6. Be2 Nc6 7. h3 Bh5
8. c3 O-O-O 9. d4 e5 10. Be3 exd4 11. cxd4 Bb4+ 12. Bd2 Nxd4 13. Nxd4 Qxg2 14.
Bg4+ Bxg4 15. Qxg4+ Qxg4 16. hxg4 Rhe8+ 17. Ne2 Rxd2 18. O-O Rexe2 19. a3 Bc5
0-1

[Event "Summer Team Tournament 2020"]
[Site "Skype"]
[Date "????.??.??"]
[Round "2"]
[White "Ortega, Elvis"]
[Black "Caputi, Giuliano"]
[Result "1-0"]
[WhiteElo "1887"]
[BlackElo "1793"]
[PlyCount "71"]

1. d4 Nf6 2. c4 e6 3. Nf3 b6 4. g3 Bb7 5. Bg2 Bb4+ 6. Bd2 Be7 7. Nc3 Ne4 8.
Nxe4 Bxe4 9. O-O O-O 10. Bc3 d5 11. Qa4 Qd7 12. Qxd7 Nxd7 13. Rfd1 Rfd8 14.
cxd5 Bxd5 15. Bf1 Nf6 16. Nd2 Ne4 17. Nxe4 Bxe4 18. f3 Bb7 19. b4 c5 20. dxc5
bxc5 21. b5 Rxd1 22. Rxd1 Rd8 23. Rxd8+ Bxd8 24. e4 Bc7 25. Bc4 e5 26. Kf2 Kf8
27. a4 f6 28. a5 Ke7 29. b6 axb6 30. a6 Bc6 31. a7 b5 32. Bd5 c4 33. Bb4+ Kd8
34. Bc5 Ba8 35. Bxa8 c3 36. Bc6 1-0

[Event "Summer Team Tournament 2020"]
[Site "Skype"]
[Date "????.??.??"]
[Round "2"]
[White "Ramirez Reina, Orlando"]
[Black "Lopez, Marco"]
[Result "1-0"]
[WhiteElo "1497"]
[BlackElo "1405"]
[PlyCount "29"]

1. e4 e5 2. Nf3 Nc6 3. Bc4 Nf6 4. Ng5 d5 5. exd5 Na5 6. Bb3 Nxb3 7. axb3 Nxd5
8. d3 Bc5 9. O-O h6 10. Ne4 Bb6 11. Bd2 O-O 12. c4 Nf4 13. Bxf4 exf4 14. c5
Qxd3 15. Qxd3 1-0

[Event "Summer Team Tournament 2020"]
[Site "Skype"]
[Date "????.??.??"]
[Round "2"]
[White "Sosa, Juan Carlos"]
[Black "Crocioni, Luca"]
[Result "0-1"]
[WhiteElo "1000"]
[BlackElo "1332"]
[PlyCount "36"]

1. e4 c6 2. Nf3 d5 3. e5 Bf5 4. d4 e6 5. Bd3 Bxd3 6. Qxd3 Nd7 7. O-O c5 8. c3
Qb6 9. b3 Ne7 10. Bb2 Nc6 11. Nbd2 Be7 12. Rfe1 f6 13. Rab1 fxe5 14. dxe5 O-O
15. c4 Nb4 16. Qe2 d4 17. Ne4 d3 18. Qd1 Rad8 0-1

. dxc5 O-O 20. Qc3 Nxe5 21.
Qxe5 Rc8 22. Qg3 Qc7 23. Qg5 Ne8 24. Bd3 f5 25. Rfe1 Qf7 26. Bc4 Nc7 27. Be5 h6
28. Qe3 Qg6 29. g3 Nd5 30. Qd4 Rf7 31. Rab1 h5 32. h4 Rc6 33. Bxd5 exd5 34.
Qxd5 Rc8 35. Rxb7 a5 36. c6 f4 37. Bxf4 Qf5 38. Re5 1-0

[Event "Summer Team Tournament 2020"]
[Site "Skype"]
[Date "????.??.??"]
[Round "2"]
[White "Tolaro, Filippa"]
[Black "Yepez, German"]
[Result "1-0"]
[WhiteElo "1000"]
[BlackElo "1000"]
[PlyCount "75"]

1. Nf3 Nf6 2. d4 d5 3. e3 c5 4. b3 e6 5. Bb2 Nc6 6. Bd3 cxd4 7. exd4 a6 8. Nbd2
b5 9. c4 Nb4 10. Be2 dxc4 11. bxc4 bxc4 12. Bxc4 Bb7 13. Qa4+ Nc6 14. Ne5 Qc7
15. O-O Qa5 16. Qc2 Bb4 17. Nb3 Qd8 18. Nc5 Bxc5 19. dxc5 O-O 20. Qc3 Nxe5 21.
Qxe5 Rc8 22. Qg3 Qc7 23. Qg5 Ne8 24. Bd3 f5 25. Rfe1 Qf7 26. Bc4 Nc7 27. Be5 h6
28. Qe3 Qg6 29. g3 Nd5 30. Qd4 Rf7 31. Rab1 h5 32. h4 Rc6 33. Bxd5 exd5 34.
Qxd5 Rc8 35. Rxb7 a5 36. c6 f4 37. Bxf4 Qf5 38. Re5 1-0

[Event "Summer Team Tournament 2020"]
[Site "Skype"]
[Date "????.??.??"]
[Round "2"]
[White "Saponara, Jose Maria"]
[Black "Pena, Eduin"]
[Result "1/2-1/2"]
[WhiteElo "1714"]
[BlackElo "1833"]
[PlyCount "59"]

1. e4 e6 2. d4 d5 3. exd5 exd5 4. Nf3 Nf6 5. Nc3 c6 6. h3 Bd6 7. Bd3 O-O 8. O-O
h6 9. Be3 Re8 10. Qd2 Nbd7 11. Rae1 Ne4 12. Qc1 Ndf6 13. Ne2 Be6 14. Nf4 Qc7
15. Be2 a5 16. Nd3 Nd7 17. a3 b5 18. Bf4 Bxf4 19. Qxf4 Qxf4 20. Nxf4 Bf5 21.
Nd3 Rab8 22. g4 Bh7 23. Bd1 f6 24. Re2 Nd6 25. b3 Be4 26. Nd2 Bxd3 27. cxd3
Rxe2 28. Bxe2 f5 29. Re1 Re8 30. Kf1 1/2-1/2

[Event "Summer Team Tournament 2020"]
[Site "Skype"]
[Date "????.??.??"]
[Round "2"]
[White "Contreras, Leidy Tatiana"]
[Black "Carballo, Jorge"]
[Result "1-0"]
[WhiteElo "1355"]
[BlackElo "1594"]
[PlyCount "43"]

1. e4 e5 2. Nf3 Nc6 3. c3 Nf6 4. Qc2 d6 5. d4 exd4 6. cxd4 Bg4 7. Bb5 Bxf3 8.
Bxc6+ bxc6 9. Qxc6+ Nd7 10. gxf3 Be7 11. Nc3 O-O 12. Nd5 Rc8 13. Qa6 c6 14.
Qxc8 Qa5+ 15. b4 Rxc8 16. Nxe7+ Kf8 17. bxa5 Kxe7 18. Bg5+ f6 19. Be3 d5 20.
Rb1 dxe4 21. fxe4 Nf8 22. Rb7+ 1-0

[Event "Summer Team Tournament 2020"]
[Site "Skype"]
[Date "????.??.??"]
[Round "2"]
[White "De Nobrega, George"]
[Black "Vasquez, Alejandra"]
[Result "1/2-1/2"]
[WhiteElo "1311"]
[BlackElo "1000"]
[PlyCount "54"]

1. e4 e5 2. Nf3 d6 3. h3 Nf6 4. Nc3 c6 5. Bc4 h6 6. d3 g6 7. d4 Qe7 8. O-O Bg7
9. dxe5 dxe5 10. Re1 O-O 11. Be3 b5 12. Bb3 Bb7 13. Qd2 Kh7 14. Qd3 Nbd7 15. a4
a6 16. axb5 axb5 17. Rad1 Rfd8 18. Qd6 Qe8 19. Bc5 Nxc5 20. Qxc5 Rd7 21. Qe3
Rad8 22. Rxd7 Rxd7 23. Rd1 Rxd1+ 24. Nxd1 g5 25. Qc3 Nd7 26. Qe3 Nf6 27. Nc3
Nd7 1/2-1/2

[Event "Summer Team Tournament 2020"]
[Site "Skype"]
[Date "????.??.??"]
[Round "2"]
[White "Pantaleon, Julio"]
[Black "Delgado, Brian"]
[Result "1-0"]
[WhiteElo "1000"]
[BlackElo "1000"]
[PlyCount "69"]

1. e3 c5 2. d4 e6 3. Nf3 Nf6 4. Bb5 a6 5. Bd3 d5 6. O-O c4 7. Be2 Bd6 8. b3 b5
9. a4 Bb7 10. axb5 axb5 11. Rxa8 Bxa8 12. Nc3 b4 13. Nb5 Be7 14. bxc4 O-O 15.
Bb2 Nbd7 16. c5 Nb8 17. c4 Ne4 18. Nd2 f5 19. Nxe4 fxe4 20. Qa4 Nc6 21. Bg4 Rf6
22. Bxe6+ Kh8 23. cxd5 Qa5 24. Ra1 Qxa4 25. Rxa4 Bb7 26. dxc6 Bxc6 27. Bc4 h5
28. Rxb4 h4 29. d5 Bxc5 30. Bxf6 Bxb4 31. dxc6 gxf6 32. c7 f5 33. c8=Q+ Kg7 34.
Qg8+ Kh6 35. Bf7 1-0

[Event "Summer Team Tournament 2020"]
[Site "Skype"]
[Date "????.??.??"]
[Round "2"]
[White "Thevenet, Yann"]
[Black "Montalvo, Mario"]
[Result "1-0"]
[WhiteElo "1986"]
[BlackElo "1707"]
[PlyCount "79"]

1. e4 c5 2. b4 b6 3. b5 Bb7 4. Nc3 d5 5. exd5 Nf6 6. Nf3 Nxd5 7. Bb2 e6 8. Be2
Nd7 9. O-O N7f6 10. Re1 Be7 11. Ne5 O-O 12. Bf3 Nxc3 13. Bxc3 Bxf3 14. Qxf3 Qd5
15. Nc6 Bd6 16. Qh3 Qh5 17. Qxh5 Nxh5 18. g3 Rfe8 19. Re3 g6 20. Rd3 Bf8 21.
Rd7 a6 22. a4 axb5 23. axb5 Rxa1+ 24. Bxa1 Ra8 25. Be5 Bg7 26. Bc7 Ra1+ 27. Kg2
Bd4 28. Nxd4 cxd4 29. Bxb6 e5 30. Bc7 Rb1 31. Bxe5 f6 32. Bxd4 Rxb5 33. c4 Rb8
34. c5 Rc8 35. Be3 Ng7 36. d4 Nf5 37. g4 Nxe3+ 38. fxe3 h6 39. h4 Re8 40. c6
1-0

[Event "Summer Team Tournament 2020"]
[Site "Skype"]
[Date "????.??.??"]
[Round "2"]
[White "Rodriguez, Erick"]
[Black "Kruk, Clementine"]
[Result "0-1"]
[WhiteElo "1000"]
[BlackElo "1548"]
[PlyCount "68"]

1. e4 e5 2. Nf3 Nc6 3. Bb5 a6 4. Bxc6 dxc6 5. Nxe5 Qd4 6. Ng4 Qxe4+ 7. Ne3 Bc5
8. Nc3 Qg6 9. d4 Bb4 10. Bd2 Nf6 11. f3 Be6 12. Na4 Bxd2+ 13. Qxd2 O-O-O 14.
Nc5 Nd5 15. Nxe6 Qxe6 16. O-O-O Qxe3 17. c4 Qxd2+ 18. Rxd2 Ne3 19. b3 Rhe8 20.
g4 Re7 21. Kb2 f5 22. h3 g6 23. Kc3 b5 24. a4 f4 25. axb5 cxb5 26. Ra1 Kb7 27.
d5 Rd6 28. h4 Kb6 29. Rda2 a5 30. Rxa5 b4+ 31. Kd4 Nc2+ 32. Kd3 Nxa1 33. Rxa1
Re3+ 34. Kd4 c5# 0-1

[Event "Summer Team Tournament 2020"]
[Site "Skype"]
[Date "????.??.??"]
[Round "2"]
[White "Duthoit, Bernard"]
[Black "Conde, Carmen"]
[Result "1-0"]
[WhiteElo "1334"]
[BlackElo "1214"]
[PlyCount "83"]

1. e4 e5 2. Nf3 d6 3. Bc4 h6 4. c3 Nf6 5. d3 a6 6. Nbd2 c6 7. d4 d5 8. exd5
cxd5 9. Bb3 Bg4 10. dxe5 Qe7 11. O-O Ne4 12. Bxd5 Nxd2 13. Qxd2 Nd7 14. Re1
Bxf3 15. Bxf3 Nxe5 16. Be4 Qf6 17. Qe2 Bd6 18. Bxb7 Rb8 19. Bxa6 O-O 20. Be3
Qh4 21. f4 Ng4 22. g3 Qh3 23. Qg2 Qh5 24. h3 Nf6 25. Be2 Qf5 26. b3 Rbe8 27.
Red1 Ne4 28. Bd3 Bc5 29. Bxc5 Qxc5+ 30. Kh2 Nxc3 31. Rdc1 Qd4 32. Bc4 Ne4 33.
Rd1 Qe3 34. Re1 Qd4 35. Rad1 Qc5 36. Rxe4 Rxe4 37. Qxe4 Qf2+ 38. Qg2 Qe3 39.
Rd7 g5 40. fxg5 Qxg5 41. Qf3 Qd2+ 42. Rxd2 1-0

[Event "Summer Team Tournament 2020"]
[Site "Skype"]
[Date "????.??.??"]
[Round "2"]
[White "Conde, Abigail"]
[Black "Dhenain, Sebastien"]
[Result "1-0"]
[WhiteElo "1196"]
[BlackElo "1190"]
[PlyCount "63"]

1. c4 c5 2. e4 e5 3. Nc3 Nc6 4. Nf3 Nf6 5. g3 d6 6. a3 Bg4 7. b4 cxb4 8. axb4
Nxb4 9. Bg2 d5 10. Qa4+ Nc6 11. cxd5 Bd7 12. dxc6 Bxc6 13. Qc4 Rc8 14. Nxe5
Bxe4 15. Qa4+ Bc6 16. Nxc6 bxc6 17. O-O Be7 18. d4 O-O 19. Be3 Re8 20. Rad1 Nd5
21. Bd2 Nxc3 22. Bxc3 h6 23. d5 cxd5 24. Bxd5 Qc7 25. Bxf7+ Kxf7 26. Bd4 Bc5
27. Qb3+ Kf8 28. Qf3+ Ke7 29. Rfe1+ Kd7 30. Bxc5+ Qd6 31. Rxd6+ Kc7 32. Qc6+
1-0

[Event "Summer Team Tournament 2020"]
[Site "Skype"]
[Date "????.??.??"]
[Round "2"]
[White "Diaz, Jose Garcia"]
[Black "Teles, Jeferson"]
[Result "1-0"]
[WhiteElo "1860"]
[BlackElo "1622"]
[PlyCount "119"]

1. e4 e5 2. Nf3 Nc6 3. a3 Nf6 4. Nc3 d5 5. exd5 Nxd5 6. Bb5 Nxc3 7. Bxc6+ bxc6
8. bxc3 e4 9. Qe2 Qe7 10. Nd4 c5 11. Nb3 Bb7 12. Qb5+ c6 13. Qa4 f5 14. O-O Qc7
15. d3 Bd6 16. g3 Qe7 17. Re1 O-O 18. dxe4 Qf6 19. Qc4+ Qf7 20. Qxf7+ Rxf7 21.
e5 Re7 22. Bf4 Rae8 23. Na5 Ba8 24. Nc4 Bc7 25. Rad1 h6 26. Be3 Bb6 27. f4 Kh7
28. a4 Bb7 29. a5 Ba6 30. Nxb6 axb6 31. axb6 c4 32. Bc5 Re6 33. Rd4 Rb8 34.
Red1 Ree8 35. Rd6 Bb5 36. Rd7 Ba6 37. Rc7 Rbc8 38. Rdd7 Rxc7 39. bxc7 Ra8 40.
Rd8 Bc8 41. Rd2 Ra5 42. Rd8 Ra8 43. e6 Ra1+ 44. Kg2 Bxe6 45. c8=Q Bxc8 46. Rxc8
Ra2 47. Bd4 Rxc2+ 48. Kh3 g5 49. Rc7+ Kg8 50. fxg5 hxg5 51. Rg7+ Kf8 52. Rxg5
Ke7 53. Rxf5 Kd6 54. g4 Rd2 55. g5 Rd3+ 56. Kg4 Rd2 57. Rf2 Rxf2 58. Bxf2 Ke6
59. h4 Ke5 60. Bd4+ 1-0

[Event "Summer Team Tournament 2020"]
[Site "Skype"]
[Date "????.??.??"]
[Round "2"]
[White "Lucena Vaz, Jose"]
[Black "Rodriguez Gonzalez, Jaime Rafael"]
[Result "1/2-1/2"]
[WhiteElo "1527"]
[BlackElo "1473"]
[PlyCount "128"]

1. e4 d5 2. exd5 Qxd5 3. d4 Nf6 4. Nf3 Bg4 5. Be2 e6 6. Nc3 Qd8 7. Bg5 Be7 8.
O-O c6 9. Re1 Nbd7 10. h3 Bf5 11. Qd2 h6 12. Bf4 Bb4 13. a3 Bxc3 14. Qxc3 Nd5
15. Qd2 N7f6 16. Bd3 Bxd3 17. cxd3 Nxf4 18. Qxf4 O-O 19. Rac1 Nd5 20. Qg3 Rc8
21. Nd2 Nf6 22. Qe5 Qc7 23. Ne4 Qxe5 24. dxe5 Nd5 25. Nd6 Rc7 26. d4 a6 27. g3
Ne7 28. Rc2 Nc8 29. Nc4 Rd8 30. Rd1 Rcd7 31. Rcd2 b5 32. Na5 Ne7 33. Nb3 Nf5
34. Kf1 Kf8 35. Ke2 Ne7 36. Nc5 Ra7 37. Kf3 Nd5 38. Rc2 Ke7 39. Ke4 f6 40. g4
Rf8 41. Nxe6 Kxe6 42. Rxc6+ Ke7 43. Kxd5 fxe5 44. Re6+ Kd8 45. dxe5 Rd7+ 46.
Rd6 Rxd6+ 47. Kxd6 Rxf2 48. Kc6+ Ke7 49. Rd7+ Ke6 50. Rxg7 Kxe5 51. Rg6 Rxb2
52. Rxh6 b4 53. Rh5+ Kf4 54. axb4 Rxb4 55. Ra5 Rb3 56. Ra4+ Kg5 57. Ra5+ Kf4
58. Rf5+ Kg3 59. g5 Kxh3 60. g6 Rg3 61. Rf6 Kh4 62. Kc5 a5 63. Kb5 Rg5+ 64. Ka4
Kh5 1/2-1/2

[Event "Summer Team Tournament 2020"]
[Site "Skype"]
[Date "????.??.??"]
[Round "2"]
[White "Munoz Gonzalez, Martin"]
[Black "Franca, Diego"]
[Result "1/2-1/2"]
[WhiteElo "1393"]
[BlackElo "1307"]
[PlyCount "83"]

1. d4 Nf6 2. Nf3 d5 3. e3 Bg4 4. Nbd2 g6 5. h3 Bxf3 6. Nxf3 Bg7 7. Bd3 O-O 8.
O-O Re8 9. Ne5 Nfd7 10. f4 c5 11. c3 cxd4 12. exd4 Nc6 13. Nf3 a5 14. f5 Qb6
15. fxg6 hxg6 16. Kh1 e5 17. dxe5 Ndxe5 18. Bc2 Qc5 19. Bf4 Nc4 20. Rb1 Ne3 21.
Bxe3 Rxe3 22. Bb3 d4 23. cxd4 Nxd4 24. Nxd4 Qxd4 25. Qxd4 Bxd4 26. Rxf7 Rxb3
27. Rd7 Rxb2 28. Rxb2 Bxb2 29. Rxb7 Bg7 30. Re7 Rd8 31. Re2 Kf7 32. Kg1 Bc3 33.
Rc2 Rd1+ 34. Kh2 Be5+ 35. g3 Rd3 36. Rg2 g5 37. Rg1 Rd2+ 38. Rg2 Rxg2+ 39. Kxg2
Kf6 40. Kf3 Bxg3 41. Kxg3 Kf5 42. Kf3 1/2-1/2

[Event "Summer Team Tournament 2020"]
[Site "Skype"]
[Date "????.??.??"]
[Round "2"]
[White "Amaral, Eliabe"]
[Black "Linares Vernet, Ana"]
[Result "1-0"]
[WhiteElo "1000"]
[BlackElo "1175"]
[PlyCount "69"]

1. e4 e5 2. Nf3 d6 3. d4 c6 4. Be2 Nf6 5. Nc3 Be7 6. O-O O-O 7. dxe5 dxe5 8.
Nxe5 Qxd1 9. Rxd1 Be6 10. Nf3 Nbd7 11. h3 Rad8 12. Bf4 Rc8 13. Ng5 Nb6 14. Bd6
Rfe8 15. Nxe6 fxe6 16. e5 Nfd5 17. Ne4 Nf4 18. Bg4 Ra8 19. g3 Nfd5 20. Bxe6+
Kh8 21. b3 Bd8 22. Bxd5 Nxd5 23. c4 Ne7 24. g4 Ng6 25. Rd3 Nxe5 26. Bxe5 Rxe5
27. Nd6 Re7 28. Rad1 g6 29. Nxb7 Rxb7 30. Rxd8+ Rxd8 31. Rxd8+ Kg7 32. Rc8 Rb6
33. g5 a5 34. Rc7+ Kg8 35. Ra7 1-0

[Event "Summer Team Tournament 2020"]
[Site "Skype"]
[Date "????.??.??"]
[Round "2"]
[White "Khunte, Aniruddha"]
[Black "Deville, Olivier"]
[Result "1/2-1/2"]
[WhiteElo "1652"]
[BlackElo "2023"]
[PlyCount "111"]

1. e4 c5 2. Nf3 d6 3. d4 Nf6 4. Nc3 cxd4 5. Nxd4 Nc6 6. Be3 Ng4 7. Bg5 Qb6 8.
h3 Nxf2 9. Kxf2 Qxd4+ 10. Be3 Qxd1 11. Rxd1 a6 12. Nd5 Rb8 13. Nc7+ Kd7 14. Nd5
e6 15. Nb6+ Kc7 16. Bc4 Be7 17. Rhf1 Na5 18. Be2 Bd7 19. Kg1 Rhf8 20. a3 Bb5
21. Bxb5 axb5 22. b4 Nc4 23. Nxc4 bxc4 24. a4 Rbc8 25. a5 f5 26. exf5 Rxf5 27.
Rxf5 exf5 28. c3 Bf6 29. Bd4 Bxd4+ 30. Rxd4 Kd7 31. Kf2 Ke6 32. Kf3 d5 33. Kf4
g6 34. g3 Kd6 35. g4 fxg4 36. hxg4 Rf8+ 37. Kg5 Rf3 38. Rf4 Rxf4 39. Kxf4 d4
40. cxd4 c3 41. Ke3 h5 42. b5 hxg4 43. a6 bxa6 44. bxa6 Kc7 45. d5 g3 46. d6+
Kxd6 47. a7 g2 48. Kd3 g1=Q 49. a8=Q Qg3+ 50. Kc2 Qe3 51. Qd8+ Ke5 52. Qe7+ Kf4
53. Qf6+ Kg3 54. Qxg6+ Kf2 55. Qf6+ Ke2 56. Qxc3 1/2-1/2

[Event "Summer Team Tournament 2020"]
[Site "Skype"]
[Date "????.??.??"]
[Round "2"]
[White "Pouteau, Pascal"]
[Black "Ram, Madhukesh"]
[Result "0-1"]
[WhiteElo "1454"]
[BlackElo "1523"]
[PlyCount "52"]

1. d4 Nf6 2. Nf3 d5 3. Bf4 g6 4. e3 Bg7 5. Bd3 Nbd7 6. Nbd2 b6 7. c3 O-O 8. Qe2
c5 9. Ne5 Nxe5 10. Bxe5 cxd4 11. exd4 Re8 12. Qf3 Bb7 13. Bb5 Nd7 14. Bxg7 Kxg7
15. Nc4 Qc7 16. Bxd7 dxc4 17. Qg4 h5 18. Qh3 Bxg2 19. Qxg2 Qxd7 20. Rg1 e5 21.
O-O-O Qa4 22. Kb1 exd4 23. Rxd4 Re2 24. Rc1 Rae8 25. Rdd1 Rxb2+ 26. Kxb2 Re2+
0-1

[Event "Summer Team Tournament 2020"]
[Site "Skype"]
[Date "????.??.??"]
[Round "2"]
[White "Mishra, Vikash"]
[Black "Vincent, Andre"]
[Result "1-0"]
[WhiteElo "1214"]
[BlackElo "1328"]
[PlyCount "85"]

1. d4 Nf6 2. c4 d5 3. Nc3 c6 4. f3 e6 5. e4 dxe4 6. fxe4 Bb4 7. Bg5 h6 8. Bxf6
Qxf6 9. Nf3 Nd7 10. Bd3 O-O 11. O-O Qe7 12. Ne2 c5 13. d5 e5 14. Ng3 Nf6 15. h3
Bd7 16. Qe2 Rae8 17. Nh4 Nh7 18. Nhf5 Bxf5 19. Nxf5 Qg5 20. Rf3 Qd2 21. Rg3 Kh8
22. Rxg7 Qxe2 23. Bxe2 Bd2 24. Rg3 Rg8 25. Rxg8+ Rxg8 26. Rd1 Bf4 27. Nd6 Rg7
28. Nxb7 Nf6 29. Bf3 h5 30. Nxc5 Be3+ 31. Kf1 Bxc5 32. a3 h4 33. b4 Be7 34. c5
Rg8 35. d6 Bd8 36. c6 Kg7 37. c7 Bxc7 38. dxc7 Rc8 39. Rc1 Kh6 40. Be2 Nxe4 41.
Ba6 Nd6 42. Bxc8 Nxc8 43. a4 1-0

[Event "Summer Team Tournament 2020"]
[Site "Skype"]
[Date "????.??.??"]
[Round "2"]
[White "Gagnon, Sindy"]
[Black "Maalik, Aakash"]
[Result "0-1"]
[WhiteElo "1031"]
[BlackElo "1000"]
[PlyCount "46"]

1. e4 e6 2. d4 d5 3. Nc3 Bb4 4. Nf3 dxe4 5. Ne5 Nf6 6. Be2 O-O 7. O-O Be7 8. h3
c5 9. Be3 Qc7 10. Nxe4 Nxe4 11. Nc4 cxd4 12. Bxd4 Rd8 13. Qc1 Rxd4 14. Qe3 Rxc4
15. Bxc4 Qxc4 16. Rfd1 Bc5 17. Qb3 Qe2 18. Kh2 Nc6 19. c4 Nxf2 20. Rd8+ Nxd8
21. Rc1 Bd6+ 22. Kg1 Nd3 23. Rc2 Qe1# 0-1

[Event "Summer Team Tournament 2020"]
[Site "Skype"]
[Date "????.??.??"]
[Round "2"]
[White "Couto, Januario"]
[Black "Martinez Quintero, Javier"]
[Result "0-1"]
[WhiteElo "1612"]
[BlackElo "1773"]
[PlyCount "72"]

1. e4 c5 2. c3 d5 3. exd5 Qxd5 4. d4 cxd4 5. Qxd4 Qxd4 6. cxd4 Nf6 7. Bb5+ Bd7
8. Bxd7+ Nbxd7 9. Be3 e6 10. a3 g6 11. Ne2 Bg7 12. O-O O-O 13. Nbc3 Rfd8 14.
Rad1 Nb6 15. b3 Rac8 16. Nb5 a6 17. Nbc3 Nfd5 18. Nxd5 Nxd5 19. Rc1 Nc7 20.
Rfd1 Nb5 21. a4 Rxc1 22. Rxc1 Nxd4 23. Nxd4 Bxd4 24. Rd1 Bf6 25. Rxd8+ Bxd8 26.
Kf1 Kf8 27. Ke2 Ke7 28. Kd3 Kd6 29. f3 Kd5 30. h3 e5 31. Bf2 f5 32. g4 e4+ 33.
fxe4+ fxe4+ 34. Kc3 Bg5 35. b4 e3 36. Be1 Ke4 0-1

[Event "Summer Team Tournament 2020"]
[Site "Skype"]
[Date "????.??.??"]
[Round "2"]
[White "Leyton, Jairo"]
[Black "Ortiz, Vladimir"]
[Result "0-1"]
[WhiteElo "1555"]
[BlackElo "1553"]
[PlyCount "136"]

1. c4 g6 2. g3 c6 3. Bg2 Bg7 4. Nc3 Nf6 5. e4 d6 6. Nge2 Bg4 7. O-O Bxe2 8.
Qxe2 e5 9. d3 O-O 10. b4 a6 11. a4 Nbd7 12. Kh1 Rb8 13. b5 axb5 14. axb5 Ra8
15. Be3 c5 16. h3 b6 17. Ra2 Rxa2 18. Qxa2 Qa8 19. Ra1 Qxa2 20. Rxa2 Rb8 21.
Ra7 h6 22. Bf3 Kh7 23. g4 Kg8 24. Kg2 Nf8 25. Kg3 Ne6 26. h4 g5 27. Ne2 Bf8 28.
Ng1 Kg7 29. Bd1 gxh4+ 30. Kxh4 Ne8 31. Ne2 N6c7 32. Ng3 Kg6 33. Nf5 Ne6 34. Kg3
N8c7 35. Nh4+ Kg7 36. Ng2 Kg6 37. f4 exf4+ 38. Nxf4+ Nxf4 39. Bxf4 Ne6 40. Be3
Nd8 41. d4 Ne6 42. dxc5 dxc5 43. Bc2 Kg7 44. Kh4 Nd8 45. Kh5 Kf6 46. Bxh6 Bxh6
47. Kxh6 Ne6 48. e5+ Kxe5 49. Rxf7 Rh8+ 50. Bh7 Nd8 51. Rd7 Kf6 52. g5+ Ke6 53.
Ra7 Nf7+ 54. Kg7 Rxh7+ 55. Kxh7 Nxg5+ 56. Kh6 Nf7+ 57. Kh5 Ne5 58. Ra4 Kf5 59.
Kh4 Kf4 60. Kh3 Ke4 61. Kg2 Kd4 62. Kf2 Nxc4 63. Ke2 Kc3 64. Ra1 Kb4 65. Rb1+
Ka4 66. Kd3 Nd6 67. Kc3 Nxb5+ 68. Kc4 Na3+ 0-1